James Bond Characters with the Most Apperances - Statistics

General Stats
  • This quiz has been taken 200 times
  • The average score is 5 of 10
Answer Stats
Hint Answer % Correct
25 James Bond
97%
24 M
93%
22 Q
91%
23 Moneypenny
78%
8 Ernst Stavro Blofeld
63%
10 Felix Leiter
51%
8 Bill Tanner
24%
6 General Gogol
20%
6 Frederick Gray
13%
4 Rublevitch
3%
No matching quizzes found
Score Distribution
Percent of People with Each Score
Percentile by Number Answered
Your Score History
You have not taken this quiz